|
|
|
|
| LEADER |
02660nam a2200517 4500 |
| 001 |
ocn921262713 |
| 003 |
OCoLC |
| 005 |
20170124065918.7 |
| 006 |
m o d |
| 007 |
cr cnu|||unuuu |
| 008 |
150916s2012 enk o 001 0 eng d |
| 040 |
|
|
|a DG1
|b eng
|e rda
|e pn
|c DG1
|d OCLCO
|d YDXCP
|d OCLCF
|d OCLCO
|d DEBBG
|d GrThAP
|
| 019 |
|
|
|a 921864631
|
| 020 |
|
|
|a 9780470685259
|q electronic bk.
|
| 020 |
|
|
|a 0470685255
|q electronic bk.
|
| 020 |
|
|
|z 9780470065723
|
| 020 |
|
|
|z 0470065729
|
| 024 |
7 |
|
|a 10.1002/9780470685259
|2 doi
|
| 029 |
1 |
|
|a GBVCP
|b 848821041
|
| 029 |
1 |
|
|a DEBBG
|b BV043398028
|
| 035 |
|
|
|a (OCoLC)921262713
|z (OCoLC)921864631
|
| 050 |
|
4 |
|a HV8079.M64
|
| 082 |
0 |
4 |
|a 364.16/8
|2 23
|
| 049 |
|
|
|a MAIN
|
| 100 |
1 |
|
|a Cox, Dennis,
|e author.
|
| 245 |
1 |
0 |
|a Introduction to money laundering deterrence /
|c Dennis Cox.
|
| 264 |
|
1 |
|a Chichester, West Sussex, United Kingdom :
|b Wiley,
|c 2011.
|
| 300 |
|
|
|a 1 online resource.
|
| 336 |
|
|
|a text
|b txt
|2 rdacontent
|
| 337 |
|
|
|a computer
|b c
|2 rdamedia
|
| 338 |
|
|
|a online resource
|b cr
|2 rdacarrier
|
| 505 |
0 |
|
|a What is Money Laundering? -- International Money Laundering Regulation : The Role of the Financial Action Task Force -- Europe : The Third Money Laundering Directive -- The UK Regulatory Framework -- How Rules are Applied in the UK : The Joint Money Laundering Steering Group -- The Wolfsberg Principles -- The US Regulatory Framework -- Financial Sanctions -- The Role of the Money Laundering Reporting Officer -- Money Laundering Training -- Know Your Customer -- Retail Customer Identification -- Corporate Customer Identification -- Politically Exposed Persons -- Non Face-To-Face Customers -- Suspicious Conduct and Transactions -- Unusual Transactions -- Investigating Suspicions -- Ongoing Monitoring -- Tipping Off -- Record Keeping -- Risk Management -- Money Laundering Deterrence Software .
|
| 500 |
|
|
|a Includes index.
|
| 588 |
0 |
|
|a Print version record.
|
| 650 |
|
0 |
|a Money laundering.
|
| 650 |
|
0 |
|a Money laundering
|x Prevention.
|
| 650 |
|
0 |
|a Terrorism
|x Finance.
|
| 650 |
|
0 |
|a Terrorism
|x Prevention.
|
| 650 |
|
7 |
|a Money laundering.
|2 fast
|0 (OCoLC)fst01025321
|
| 650 |
|
7 |
|a Money laundering
|x Prevention.
|2 fast
|0 (OCoLC)fst01025323
|
| 650 |
|
7 |
|a Terrorism
|x Finance.
|2 fast
|0 (OCoLC)fst01148106
|
| 650 |
|
7 |
|a Terrorism
|x Prevention.
|2 fast
|0 (OCoLC)fst01148123
|
| 655 |
|
4 |
|a Electronic books.
|
| 776 |
0 |
8 |
|i Print version:
|a Cox, Dennis W.
|t Introduction to money laundering deterrence.
|d Hoboken, N.J. : Wiley, 2011
|z 9780470065723
|w (DLC) 2010031108
|w (OCoLC)651487633
|
| 856 |
4 |
0 |
|u https://doi.org/10.1002/9780470685259
|z Full Text via HEAL-Link
|
| 994 |
|
|
|a 92
|b DG1
|